| 000 | 01095nam a2200301 a 4500 | ||
|---|---|---|---|
| 001 | 60415 | ||
| 003 | BD-RjUL | ||
| 005 | 20211209080833.0 | ||
| 008 | 161231r20062005njua b 001 0 eng d | ||
| 020 | _a8177581139 | ||
| 035 | _a(BD-RjUL)60539 | ||
| 040 |
_aBD-RjUL _beng _cBD-RjUL _dBD-RjUL |
||
| 041 | _aeng | ||
| 082 |
_223 _a658.1511 _bHOI 2006 |
||
| 100 | 1 |
_aHorngren, Charles T., _d1926- _9179790 |
|
| 245 | 1 | 0 |
_aIntroduction to management accounting / _cCharles T. Horngren, Gary L. Sundem, William O. Stratton. |
| 250 | _a13th ed. | ||
| 260 |
_aUpper Saddle River, N.J. ; _aNew Delhi : _bPrentice-Hall International; _bPrentice-Hall of India, _cc2005, [Indian reprint 2006] |
||
| 300 |
_a842 p. : _bill. ; _c28 cm. |
||
| 490 | _aCharles T. Horngren series in accounting | ||
| 504 | _aIncludes bibliographical references and index. | ||
| 650 | 0 |
_aManagerial accounting. _9175029 |
|
| 650 | 0 |
_aCost accounting _9176383 |
|
| 700 | 1 |
_aSundem, Gary L. _9232723 |
|
| 700 | 1 |
_aStratton, William O. _9232724 |
|
| 830 | 0 |
_aCharles T. Horngren series in accounting _9232725 |
|
| 942 |
_2ddc _cBK |
||
| 999 |
_c60415 _d60415 |
||